000 00797nam a2200253 i 4500
001 000032000
003 DO-SdBNP
005 20240529102602.0
007 ta
008 110707s19uu dr 000 0 spa d
040 _aDO-SdBNP
_bspa
_cBNPHU
_erda
049 _aBNPD
082 4 _bG158c
_222
100 1 _aEspinosa Orozco, Sixto,
_958152
_eautor
245 1 0 _aGalindez el comunista :
_b(su labor de corrupción política) /
_cSixto Espinosa Orozco, José Ángel Saviñon.
264 _aSanto Domingo :
_beditor no identificado,
_c19-?.
300 _a23 páginas ;
_c23 cm.
336 _2rdacontent
_atexto
_btxt
337 _2rdamedia
_asin mediación
_bn
338 _2rdacarrier
_avolumen
_bnc
590 _aInventariado, 2024/BT
700 1 _aSaviñon, José Ángel
_91413
942 _2ddc
_cLF2
999 _c31491
_d31491